Código Penal. Sistematizado con Jurisprudencia
Wedi'i Gadw mewn:
| Prif Awdur: | |
|---|---|
| Fformat: | Llyfr |
| Cyhoeddwyd: |
Santiago, Chile:
Legal Publishing; Thomson Reuters,
2024.
|
| Rhifyn: | Quinta edición. |
| Pynciau: | |
| Tagiau: |
Ychwanegu Tag
Dim Tagiau, Byddwch y cyntaf i dagio'r cofnod hwn!
|
MARC
| LEADER | 00000nam a22000007a 4500 | ||
|---|---|---|---|
| 003 | CL-VaPUC | ||
| 005 | 20250423121502.0 | ||
| 008 | 240927t2024 ||||| |||| 00| 0 eng d | ||
| 999 | |c 444910 |d 444908 | ||
| 020 | |a 978-956-400-554-6 | ||
| 040 | |c Pontificia Universidad Católica de Valparaíso | ||
| 082 | 0 | 4 | |2 22 |a 345.83 BAR 2024 |
| 100 | 1 | |9 884668 |a Barrera Miranda, Verónica |e editora | |
| 245 | 1 | 0 | |a Código Penal. |b Sistematizado con Jurisprudencia |
| 250 | |a Quinta edición. |b Actualizada al 30 de junio de 2024. | ||
| 260 | |a Santiago, Chile: |b Legal Publishing; |b Thomson Reuters, |c 2024. | ||
| 300 | |a XVII, 1229 páginas. | ||
| 583 | |k Yessy Díaz Vidal |c 20240719 | ||
| 650 | 0 | |a Código penal chileno |9 484032 | |
| 650 | 0 | |a Jurisprudencia penal |x Delitos |z Chile |9 902323 | |
| 942 | |2 ddc |c BK | ||
| 952 | |0 0 |1 0 |2 ddc |4 0 |6 345_830000000000000_BAR_2024 |7 0 |8 A |9 597048 |a BIBDER |b BIBDER |d 2024-09-27 |e 31 |g 0.00 |i 5662869 |l 3 |m 1 |o 345.83 BAR 2024 |p 5662869 |r 2024-12-13 |s 2024-12-10 |t 1 |v 0.00 |w 2024-09-27 |y BK |k DER | ||